000 00778cab a2200241 4500
001 WB3116-96
008 090401t1995 xxu||||| |||| 00| 0 eng d
035 _a(Sirsi) u57844
041 _aeng
245 _aUnderwater sites
260 _c1995
350 _a0
490 _aEstates Gazette
_v(9516) 22 April 1995, 77(1)
520 _aRecommended procedures for consultation between seabed developers and archaeologists have been drawn up by the Joint National Archaeology Policy Committee.
650 _aJOINT NATIONAL ARCHAEOLOGY POLICY COMMITTEE
650 _aMARINE SITES
650 _aNATIONAL MONUMENTS RECORD CENTRE
650 _aSEABED DEVELOPERS
650 _aUNDERWATER SITES
690 _aPLANNING LAW AND PRACTICE
942 _n0
948 _c04/03/1997
999 _c35312
_d35312